000 00823nam a2200265Ia 4500
003 OSt
005 20220918184833.0
006 a|||||r|||| 00| 0
007 ta
008 220917b |||||||| |||| 00| 0 eng d
024 _a48,307
037 _cTextual
040 _aARTS
_cARTS
_beng
041 _2eng
_aeng
082 _aP:3, K92 (PD)-;1
100 _aSgall Peter
_966803
245 0 _aFunctional approach to syntax
_b in generative description of lanugage
260 _aNew York
_bAmerican Elsevier
_c1969
300 _aviii,122p.
_ccm.
490 _aMathematical linguistics and automatice lanugage processing : a group of monographs and textbooks; 7
500 _aBib 113-118p
650 _aLINGUISTICS
942 _hP:3, K92 (PD)-;1
_cTEXL
_2CC
999 _c177977
_d177977